[Event "Pan American-ch U14"]
[Site "Guayaquil"]
[Date "2019.07.22"]
[Round "3"]
[White "Palomino Taipe, Celso"]
[Black "Vasquez Vargas, Henry Richard"]
[Result "0-1"]
[WhiteElo "1726"]
[BlackElo "1994"]
[PlyCount "110"]
[EventDate "2019.07.21"]
[EventType "swiss"]
[EventRounds "9"]
[EventCountry "ECU"]
[SourceTitle "EXT 2020"]
[Source "ChessBase"]
[SourceDate "2019.10.17"]
[SourceVersion "1"]
[SourceVersionDate "2019.10.17"]
[SourceQuality "1"]

1. d4 Nf6 2. Nf3 g6 3. g3 Bg7 4. Bg2 0-0 5. 0-0 d5 6. c4 dxc4 7. Qa4 Nc6 8. Qxc4 Nd7 9. Rd1 Nb6 10. Qd3 Bf5 11. e4 Bg4 12. Be3 a5 13. Nc3 a4 14. h3 Bxf3 15. Bxf3 Na5 16. Qc2 Nac4 17. Nd5 Nxe3 18. Nxe3 Bxd4 19. Nd5 c5 20. Nxb6 Qxb6 21. Rab1 e5 22. Kg2 Kg7 23. Be2 f5 24. f3 f4 25. g4 Qf6 26. Qd2 Rfd8 27. Qe1 Be3 28. Bc4 Rxd1 29. Rxd1 Bd4 30. Rd2 h5 31. gxh5 Rh8 32. Kh2 Qg5 33. Qf1 Qg3+ 34. Kh1 Rxh5 35. Be6 Kf6 36. Bg4 Rh8 37. Re2 Be3 38. Qg2 Qxg2+ 39. Kxg2 Rd8 40. Kf1 Bd2 41. Rh2 Ba5 42. Rc2 b6 43. Ke2 Kg5 44. Be6 Kh4 45. Bg4 Kg3 46. Be6 Rd4 47. Bf7 g5 48. Be6 b5 49. b3 a3 50. Bg4 c4 51. bxc4 b4 52. Rc1 b3 53. axb3 Rd2+ 54. Kf1 Rh2 55. Kg1 a2 0-1

[Event "Lima Surco op 2nd"]
[Site "Lima"]
[Date "2017.07.15"]
[Round "5"]
[White "Garceran Izquierdo, Ruben"]
[Black "Palomino Taipe, Celso"]
[Result "1/2-1/2"]
[WhiteElo "1742"]
[BlackElo "1466"]
[PlyCount "100"]
[EventDate "2017.07.08"]
[EventType "swiss"]
[EventRounds "9"]
[EventCountry "PER"]
[SourceTitle "EXT 2018"]
[Source "ChessBase"]
[SourceDate "2017.10.13"]
[SourceVersion "1"]
[SourceVersionDate "2017.10.13"]
[SourceQuality "1"]

1. c4 e5 2. Nc3 Nf6 3. Nf3 Nc6 4. g3 Bb4 5. Bg2 d6 6. 0-0 Be6 7. d3 Bxc3 8. bxc3 e4 9. Nd4 Nxd4 10. cxd4 0-0 11. dxe4 Bxc4 12. Qc2 Ba6 13. Rd1 Qe7 14. Ba3 Rfe8 15. e5 Ng4 16. exd6 cxd6 17. e3 Rac8 18. Qf5 Qe6 19. Qxe6 fxe6 20. Bf3 Nf6 21. Bxd6 Rc2 22. Rdc1 Rec8 23. Ba3 b6 24. Bd1 Rxc1 25. Rxc1 Rxc1 26. Bxc1 Bc4 27. a3 Kf7 28. f3 Ke7 29. e4 Kd7 30. Kf2 Ne8 31. Ke3 Kd6 32. f4 g6 33. h4 h5 34. g4 hxg4 35. Bxg4 Ng7 36. Bb2 Ne8 37. h5 gxh5 38. Bxh5 Nc7 39. Bg6 Ke7 40. f5 exf5 41. Bxf5 Ne6 42. Bxe6 Kxe6 43. Bc1 Ba2 44. Kd3 Bb1+ 45. Ke3 Ba2 46. d5+ Bxd5 47. exd5+ Kxd5 48. Kd3 Kc5 49. Kc3 b5 50. Kb3 Kb6 1/2-1/2

[Event "Lima Surco op 2nd"]
[Site "Lima"]
[Date "2017.07.09"]
[Round "3"]
[White "Maravi, Jon"]
[Black "Palomino Taipe, Celso"]
[Result "1-0"]
[WhiteElo "1634"]
[BlackElo "1466"]
[PlyCount "59"]
[EventDate "2017.07.08"]
[EventType "swiss"]
[EventRounds "9"]
[EventCountry "PER"]
[SourceTitle "EXT 2018"]
[Source "ChessBase"]
[SourceDate "2017.10.13"]
[SourceVersion "1"]
[SourceVersionDate "2017.10.13"]
[SourceQuality "1"]

1. e4 c5 2. Nc3 Nc6 3. g3 g6 4. Bg2 Bg7 5. d3 d6 6. f4 Nf6 7. Nf3 Bg4 8. h3 Bxf3 9. Qxf3 Nd4 10. Qf2 Nh5 11. 0-0 Qa5 12. g4 Nf6 13. e5 Nd7 14. exd6 Nb5 15. Nxb5 Qxb5 16. Qe2 e6 17. f5 0-0 18. fxe6 fxe6 19. Qxe6+ Kh8 20. a4 Bd4+ 21. Kh1 Rxf1+ 22. Bxf1 Qc6+ 23. Bg2 Qc8 24. c3 Bg7 25. Bg5 Qe8 26. Re1 Ne5 27. Qxe8+ Rxe8 28. d4 cxd4 29. cxd4 h6 30. d7 1-0

[Event "Lima Palma Memorial 2nd"]
[Site "Lima"]
[Date "2016.09.18"]
[Round "4.20"]
[White "Pacheco Mateo, Laura"]
[Black "Palomino Taipe, Celso"]
[Result "0-1"]
[WhiteElo "1549"]
[BlackElo "1339"]
[PlyCount "66"]
[EventDate "2016.09.09"]
[EventType "swiss"]
[EventRounds "7"]
[EventCountry "PER"]
[SourceTitle "EXT 2024"]
[Source "ChessBase"]
[SourceDate "2023.10.10"]
[SourceVersion "1"]
[SourceVersionDate "2023.10.10"]
[SourceQuality "1"]

1. d4 d5 2. Nf3 Nf6 3. Bf4 Bf5 4. e3 e6 5. Be2 Bd6 6. Ne5 Bxe5 7. Bxe5 Nc6 8. Bg3 Qe7 9. Nc3 Ne4 10. Nxe4 Bxe4 11. 0-0 Nb4 12. c3 Nc6 13. Qb3 Rb8 14. Bb5 0-0 15. Qd1 e5 16. f3 Bg6 17. dxe5 Qc5 18. Be2 Qxe3+ 19. Kh1 Qb6 20. f4 Be4 21. b4 a5 22. Bf2 d4 23. b5 Ne7 24. Bxd4 Qg6 25. Bf3 Rfd8 26. Qe2 Bd3 27. f5 Nxf5 28. Qxd3 Ng3+ 29. hxg3 Qxd3 30. a4 b6 31. Rad1 Qc4 32. Be3 Qxa4 33. Bc6 Rxd1 0-1